| 000 | 00000nam##2200000za#4500 |
| 001 | 9.644161 |
| 003 | CaOODSP |
| 005 | 20240710082140 |
| 007 | cr ||||||||||| |
| 008 | 150407|2015||||xxc|||||o f|0| 0 fre|d |
| 020 | |a978-0-660-23188-4 |
| 040 | |aCaOODSP|bfre |
| 043 | |an-cn--- |
| 086 | 1 |aMR4-38/2015F-PDF |
| 110 | 2 |aInstituts de recherche en santé du Canada. |
| 245 | 10|aInstitut de recherche en santé du Canada - plan stratégique 2014-2015 / 2018-2019 : |h[ressource électronique]|bfeuille de route pour la recherche : exploiter l'innovation au profit de la santé des Canadiens et de l'amélioration des soins |
| 260 | |aOttawa - Ontario : |bInstituts de recherche en santé du Canada |cc2015. |
| 300 | |a39p.|bréférences, tableaux, photographies |
| 590 | |a15-13|b2015-03-27 |
| 691 | 07|aGestion stratégique|2gcpds |
| 691 | 07|aPolitique en matière de santé|2gcpds |
| 775 | 08|tCIHR strategic plan 2014-15/2018-19 : |w(CaOODSP)9.700263 |
| 776 | 0#|tCIHR strategic plan 2014-15/2018-19 : |w(CaOODSP)9.677947 |
| 776 | 0#|tPlan stratégique 2014-2015/2018-2019 : |w(CaOODSP)9.677948 |
| 856 | 40|ahttp://publications.gc.ca|qPDF|s2.25 Mo|uhttps://publications.gc.ca/collections/collection_2015/irsc-cihr/MR4-38-2015-fra.pdf |